Riconosci il Calciatore - Quiz n°14 - Statistics

Statistiche generali
  • Questo quiz è stato fatto 63 volte
  • Il punteggio medio è 16 su 24
Statistiche sulle risposte
Indizio Risposta % Corretto
Nazionalità Svizzera
98%
Ruolo Centrocampista
91%
Squadra di club 1 Zurigo 2003-2007
82%
Data di nascita 12/04/1986
81%
Squadra di club 11 Zurigo 2021-2023
81%
Squadra di club 10 Shenzen 2020
74%
Squadra di club 7 Bologna 2016-2017
72%
Squadra di club 9 Bologna 2017-2020
72%
Trofei per club Campionato svizzero: 3 Zurigo: 2005-2006, 2006-2007, 2021-2022 Coppa Svizzera: 1 Zurigo: 2004-05 Coppa Italia: 2 Napoli: 2011-2012, 2013-2014 Campionato turco: 1 Galatasaray: 2014-2015 Coppa di Turchia: 1 Galatasaray: 2014-2015 Supercoppa di Turchia: 1 Galatasaray: 2015
72%
Squadra di club 8 Montréal Impact 2017-2017
72%
Squadra di club 6 Galatasaray 2014-2015
68%
Squadra di club 5 Napoli 2011-2014
68%
Squadra di club 4 Parma 2009-2011
65%
Squadra di club 2 Bolton 2007-2008
61%
Squadra di club 3 Torino 2008-2009
61%
Altezza 179 cm
60%
Gol nei club 64
60%
Gol in nazionale 10
58%
Trofei per nazionali 0
56%
Trofei individuali 0
56%
Presenze nei club 558
56%
Presenze in nazionale 69
56%
Peso 73 kg
56%
Calciatore Blerim Džemaili
54%
Nessun quiz corrispondente trovato
Distribuzione punteggi
Percentuale di utenti per punteggio
Percentile per numero di risposta
I tuoi punteggi nel tempo
Non hai fatto questo quiz